The future of population growth : (Record no. 85907)
[ view plain ]
| 000 -LEADER | |
|---|---|
| fixed length control field | 00910cam5a220028900 4500 |
| 001 - CONTROL NUMBER | |
| control field | lce00994801 |
| 008 - FIXED-LENGTH DATA ELEMENTS--GENERAL INFORMATION | |
| fixed length control field | 740506s1973 nyua b 001 0 eng d |
| 010 ## - LIBRARY OF CONGRESS CONTROL NUMBER | |
| Canceled/invalid LC control number | 73001607 |
| 010 ## - LIBRARY OF CONGRESS CONTROL NUMBER | |
| LC control number | cn 74100391 |
| 015 ## - NATIONAL BIBLIOGRAPHY NUMBER | |
| National bibliography number | C74-100391-0 |
| 020 ## - INTERNATIONAL STANDARD BOOK NUMBER | |
| International Standard Book Number | 0471278750 |
| 035 ## - SYSTEM CONTROL NUMBER | |
| System control number | (Sirsi) r90618 |
| 035 ## - SYSTEM CONTROL NUMBER | |
| System control number | (DLC)cn 74100391 |
| 035 ## - SYSTEM CONTROL NUMBER | |
| System control number | (UPRA)lce00994801 |
| 040 ## - CATALOGING SOURCE | |
| Original cataloging agency | CaOONL |
| Language of cataloging | eng |
| Transcribing agency | CaOONL |
| 045 ## - TIME PERIOD OF CONTENT | |
| Time period code | x6x7 |
| 100 1# - MAIN ENTRY--PERSONAL NAME | |
| Personal name | Frejka, Tomas. |
| Linkage | A50046.1 |
| 245 14 - TITLE STATEMENT | |
| Title | The future of population growth : |
| Remainder of title | alternative paths to equilibrium / |
| Statement of responsibility, etc. | Tomas Frejka. |
| 260 ## - PUBLICATION, DISTRIBUTION, ETC. | |
| Place of publication, distribution, etc. | New York ; Toronto : |
| -- | New York ; Toronto : |
| Name of publisher, distributor, etc. | J. Wiley, |
| Date of publication, distribution, etc. | 1973. |
| 500 ## - GENERAL NOTE | |
| General note | "A Population Council book." |
| 500 ## - GENERAL NOTE | |
| General note | "A Wiley-Interscience publication." |
| 500 ## - GENERAL NOTE | |
| General note | Includes index. |
| 504 ## - BIBLIOGRAPHY, ETC. NOTE | |
| Bibliography, etc. note | Bibliography: p. 204-210. |
| 710 2# - ADDED ENTRY--CORPORATE NAME | |
| Corporate name or jurisdiction name as entry element | Population Council. |
| Linkage | A4754.1 |
| 949 ## - LOCAL PROCESSING INFORMATION (OCLC) | |
| a | HB871 |
| w | lcc |
| i | -127470 |
| m | MAIN |
| t | BOOK |
| l | ON-SHELF |
No items available.